000 00672nam a22001577a 4500
003 OSt
005 20150914102711.0
008 150914b xxu||||| |||| 00| 0 eng d
040 _cRUA
082 _aAGR NEA 2000 B022 Or.1
100 _9439
_aNEANG, LENG.
245 _aសិក្សាលើកម្មវិធីអភិវឌ្ឍន៍តំបន់ស្រុកបាទីដោយអង្គដារទស្សនៈពិភពលោកអន្តរជាតិ កម្ពុជា (study on bati area development program by world vision international -cambodia)
260 _aPhnom Penh
_bRUA
_c2000
300 _a74p.
_bill.
_c29cm.
942 _2ddc
_cAGR
999 _c417
_d417